000 00508nam a22001817a 4500
003 OSt
005 20140310182350.0
008 130930t xxu||||| |||| 00| 0 eng d
020 _a9780862279523
050 _aPZ 8
_b.C574 1993
082 _aGS 398.21
_bG882ci 1993
245 _aCinderella :
_cillustrated by Pam Storey.
_bthe Grimm brothers /
260 _aLondon :
_bGrandreams Ltd,
_c1993.
300 _bill. col. ;
_c21 cm.
650 _aFairy tales
_93114
942 _2lcc
_cBK-GS
999 _c12341
_d12341